• 首页
  • 本馆介绍
  • 公告通知
  • 最新文献
  • 馆藏检索
  • 电子资源
  • 读者导购
  • 参考咨询
  • 我的图书馆
  • 登录
  • 详细信息显示
  • 放入我的书架
  • 预约/预借图书
  • 作者相关作品
  • 分类相关作品
  • 丛书相关作品
  • 出版社相关作品

书目信息

  • 表格格式
  • 工作单格式
  • 卡片格式
题名:
正交函数及其应用
    
 
作者: 柳重堪 编著
分册:  
出版信息: 北京   国防工业出版社  1982
页数: 264页
开本: 21cm
丛书名: 应用数学丛书
单 册:
中图分类: O174.21
科图分类:
主题词: 正交函数--应用
电子资源:
ISBN:
000 00681nam2 2200253 45
001 0182000782
005 20060927103151.20
010    @dCNY1.10
091    @aCN@b15034.2387
100    @a19950302d1982 em y0chiy0121 ea
101 0  @achi
102    @aCN@b110000
105    @ay z 000yy
200 10 @a正交函数及其应用@Azheng jiao han shu ji qi ying yong@f柳重堪编著
210    @a北京@c国防工业出版社@d1982
215    @a264页@d21cm
225 2  @a应用数学丛书
410  0 @120010@a应用数学丛书
606    @a正交函数@x应用
690    @aO174.21@v3
701  0 @a柳重堪@Aliu chong kan@4编著
801  0 @aCN@bTSSF@c20060927
801  2 @aCN@bNLC@c20060725
905    @dO174.21@e142
    
    正交函数及其应用/柳重堪编著.-北京:国防工业出版社,1982
    264页;21cm.-(应用数学丛书)
    
    
    ISBN :CNY1.10
    
●
相关链接 在E读中查询图书 在五车中查询图书 在当当中查询图书 在豆瓣中查询图书


正题名:正交函数及其应用     索取号:O174.21/142         预约/预借

序号 登录号 条形码 馆藏地/架位号 状态 备注
1 0422566   204225668   密集书库/ [索取号:O174.21/142] 在馆    
2 0431418   204314189   密集书库/ [索取号:O174.21/142] 在馆    
3 0431419   204314198   密集书库/ [索取号:O174.21/142] 在馆    
唐山师范学院图书馆 欢迎您!
大连网信软件有限公司© 版权所有